| 000 | 00638nam a22001337a 4500 | ||
|---|---|---|---|
| 040 | _cRUA | ||
| 082 | _aAGR KET 2017 B636 Or.1 | ||
| 100 | _aKET SINAN កេត ស៊ីណាន | ||
| 245 | _acomparison of different rates of chicken manures on bunchinng onion ( Allium fistulosum L.) ការប្រៀធៀបកម្រិតខុសៗគ្នានៃជីលាមកមាន់នៅលើដាំណាំខ្ទឹមស្លឹក | ||
| 260 |
_aRUA _bphnom penh _c2017 |
||
| 300 |
_axi;36p _bill; _c29cm |
||
| 856 | _uhttps://drive.google.com/file/d/12cIkDQ92X_EO3uck1FHAEl118ts2MKzT/view?usp=sharing | ||
| 942 | _cAGR | ||
| 999 |
_c17999 _d17999 |
||